000 00288nam a22001217a 4500
008 181210b xxu||||| |||| 00| 0 eng d
041 _aeng
080 _a510
100 _a38
101 _aMAT
245 _aLinear Analusis And Differential Equations
_cRichard.C.M
942 _2udc
_cBK
999 _c53105
_d53105